| 000 | 00504nam a22001697a 4500 | ||
|---|---|---|---|
| 005 | 20251108171831.0 | ||
| 008 | 250721s9999 xx 000 0 ara d | ||
| 082 | 1 | 4 | _a641.8/زعر |
| 100 | 1 | _aزعرب، سهام بغدادي | |
| 245 | 1 | 0 | _aمأكولات و حلويات منوعة من مطابخ الشعوب / |
| 264 | 1 |
_aصنعاء : _bمكتبة الإرشاد، _c[19-]. |
|
| 300 | _a260ص | ||
| 650 | 1 | 7 | _aالحلويات |
| 650 | 1 | 7 | _aالصناعة |
| 942 |
_2ddc _cBK |
||
| 999 |
_c63823 _d63823 |
||